[Event "Armenia Quindio op"]
[Site "Armenia"]
[Date "2024.04.07"]
[Round "6"]
[White "Martinez Munoz, Juan Sebastian"]
[Black "Sanchez Gil, Dilan Andres"]
[Result "1-0"]
[WhiteElo "1600"]
[BlackElo "1414"]
[PlyCount "38"]
[EventDate "2024.04.06"]
[EventType "swiss"]
[EventRounds "6"]
[EventCountry "COL"]
[SourceTitle "CBM 219 Extra"]
[Source "ChessBase"]
[SourceDate "2024.05.31"]
[SourceVersion "1"]
[SourceVersionDate "2024.05.31"]
[SourceQuality "1"]

1. e4 Nc6 2. Nf3 d5 3. exd5 Qxd5 4. Nc3 Qh5 5. Be2 Bg4 6. d4 e6 7. Be3 0-0-0 8. h3 Nf6 9. Qd2 Bd6 10. 0-0-0 Bxf3 11. Bxf3 Qg6 12. Kb1 Ne7 13. Nb5 Ned5 14. Nxa7+ Kb8 15. Nb5 c6 16. Nxd6 Rxd6 17. Qe2 Re8 18. Rhg1 h6 19. Bd2 Qf5 1-0

[Event "Armenia Quindio op"]
[Site "Armenia"]
[Date "2024.04.07"]
[Round "5"]
[White "Sanchez Gil, Dilan Andres"]
[Black "Hernandez Arias, Samuel"]
[Result "1/2-1/2"]
[WhiteElo "1414"]
[BlackElo "1551"]
[PlyCount "52"]
[EventDate "2024.04.06"]
[EventType "swiss"]
[EventRounds "6"]
[EventCountry "COL"]
[SourceTitle "CBM 219 Extra"]
[Source "ChessBase"]
[SourceDate "2024.05.31"]
[SourceVersion "1"]
[SourceVersionDate "2024.05.31"]
[SourceQuality "1"]

1. e4 c5 2. f4 Nc6 3. Nf3 e6 4. Bb5 Be7 5. 0-0 Nf6 6. Nc3 0-0 7. Bxc6 bxc6 8. d3 d5 9. e5 Nd7 10. Bd2 Nb6 11. Ne2 Bb7 12. Ba5 Qd7 13. Bxb6 axb6 14. h3 Rfe8 15. Re1 Rad8 16. Qd2 Bf8 17. Rad1 g6 18. c4 Bg7 19. Ng3 Ba6 20. b3 Qc7 21. Qc2 Rd7 22. Rd2 Red8 23. Red1 Qb7 24. Ne2 Qc7 25. Ng5 h6 26. Nf3 Qb7 1/2-1/2